00553nam a22001937a 450000500170000001000130001702000220003003500130005203700160006504000120008108200110009310000200010424500810012426000430020527000460024830000200029465000250031465000200033920170124110119.0 aB-110222 c00.00a8179921255 aB-110222 bCen Lib/Ret aDPLbEN aSbKOT aKottary, Gajra  aThe last laugh :cby Gajra Kottary bstories where women take centre-stage / aMumbai bJaico Publishing House c2003 bMumbai a121, Mahatma Gandhi roade400023 a179p.c19cm(Hb) aLiterature xFiction aEnglish stories